Equations de la physique mathématique

Guardat en:
Dades bibliogràfiques
Autor principal: Godounov, S (Autor)
Format: Llibre
Idioma:francès
Publicat: Moscú Mir 1973
Matèries:
Etiquetes: Afegir etiqueta
Sense etiquetes, Sigues el primer a etiquetar aquest registre!

MARC

LEADER 00000nam a2200000 a 4500
001 UCT3176
003 CL-VaPUC
008 961018e19730000ru |||||||||||||||||fre|d
082 0 4 |a 530.15  |b GOD  |2 21 
100 0 |a Godounov, S  |e author  |9 372121 
245 1 0 |a Equations de la physique mathématique 
300 |a 452 p 
942 |c BK 
945 |d 19961018 00:00:00  |a paguirre 
260 |a Moscú  |b Mir  |c 1973 
650 0 |a Física   |9 227844 
650 0 |a Física matemática   |9 260981 
650 0 |a Ecuaciones  |9 260137 
650 0 |a Cálculo integral  |9 260103 
650 0 |a Hipérbolas  |9 358878 
583 |a last modification  |c 20171123 02:45:29  |k Rodrigo Vera 
999 |c 252935  |d 252933